[Event "Belgrade tt Cup"]
[Site "Belgrade"]
[Date "2007.04.10"]
[Round "2.5"]
[White "Guzijan, Miodrag"]
[Black "Govedarica, Radovan"]
[Result "0-1"]
[WhiteElo "2334"]
[BlackElo "2398"]
[PlyCount "88"]
[EventDate "2007.04.09"]
[EventType "tourn"]
[EventRounds "5"]
[EventCountry "YUG"]
[SourceTitle "EXT 2008"]
[Source "ChessBase"]
[SourceDate "2007.11.25"]
[SourceVersion "1"]
[SourceVersionDate "2007.11.25"]
[SourceQuality "1"]

1. d4 Nf6 2. Nf3 e6 3. e3 c5 4. Bd3 b6 5. Qe2 cxd4 6. exd4 Bb7 7. Bf4 Be7 8. c3 0-0 9. Nbd2 d6 10. 0-0 Nbd7 11. Nc4 Qc7 12. h3 Rfe8 13. Rfe1 Bf8 14. Bh2 a6 15. Rac1 b5 16. Ne3 Nb6 17. b3 Qc6 18. c4 bxc4 19. bxc4 Nbd7 20. Qc2 g6 21. Bf1 e5 22. Qc3 Bg7 23. Qa5 exd4 24. Nxd4 Qc5 25. Nb3 Qc6 26. Red1 Ne5 27. Qb4 Qc8 28. Qxd6 Ne4 29. Qa3 Bh6 30. Qb2 Nxf2 31. Nd5 Bxd5 32. Bxe5 Nxd1 33. Rxd1 Bxc4 34. Bd4 Bxf1 35. Rxf1 Be3+ 36. Bxe3 Rxe3 37. Qf2 Re7 38. Nc5 Qc6 39. Qd4 Rc8 40. Nd3 Qe4 41. Qd6 Qe6 42. Qa3 Rce8 43. Rf3 Qb6+ 44. Kh1 Re3 0-1

[Event "YUG-chT"]
[Site "Niksic"]
[Date "1997.??.??"]
[Round "11"]
[White "Cvetkovski, Slobodan"]
[Black "Guzijan, Miodrag"]
[Result "1/2-1/2"]
[WhiteElo "2085"]
[BlackElo "2325"]
[PlyCount "67"]
[EventDate "1997.08.27"]
[EventType "team-tourn"]
[EventRounds "11"]
[EventCountry "YUG"]
[SourceTitle "CBM 059 Extra"]
[Source "ChessBase"]
[SourceDate "1997.09.26"]
[SourceVersion "1"]
[SourceVersionDate "1997.09.26"]
[SourceQuality "1"]

1. d4 d6 2. c4 e5 3. Nc3 exd4 4. Qxd4 Nc6 5. Qd2 Nf6 6. g3 g6 7. b3 Bg7 8. Bb2 0-0 9. Nh3 a5 10. Nf4 Ne5 11. Bg2 a4 12. Rd1 axb3 13. axb3 Bd7 14. 0-0 Re8 15. Ra1 Rxa1 16. Rxa1 Bc6 17. Nfd5 Ned7 18. Nxf6+ Nxf6 19. Nd5 Bxd5 20. cxd5 Nd7 21. Bxg7 Kxg7 22. Rc1 Nc5 23. b4 Na6 24. e3 Re7 25. Bf1 Nb8 26. Qc3+ f6 27. b5 Qg8 28. Qc2 Qe8 29. Qc4 Rf7 30. h4 Qe5 31. Qc3 Qxc3 32. Rxc3 f5 33. f4 Kf8 34. h5 1/2-1/2

[Event "YUG-chT"]
[Site "Niksic"]
[Date "1997.??.??"]
[Round "9"]
[White "Kostic, Vladimir G"]
[Black "Guzijan, Miodrag"]
[Result "1/2-1/2"]
[WhiteElo "2425"]
[BlackElo "2325"]
[PlyCount "128"]
[EventDate "1997.08.27"]
[EventType "team-tourn"]
[EventRounds "11"]
[EventCountry "YUG"]
[SourceTitle "CBM 059 Extra"]
[Source "ChessBase"]
[SourceDate "1997.09.26"]
[SourceVersion "1"]
[SourceVersionDate "1997.09.26"]
[SourceQuality "1"]

1. d4 d6 2. Nf3 Bg4 3. Nbd2 Nd7 4. c3 e6 5. Qb3 Rb8 6. e4 Be7 7. g3 c6 8. Bg2 Qb6 9. Qa4 a6 10. 0-0 Qb5 11. Qxb5 axb5 12. Re1 e5 13. Nf1 Bf6 14. Ne3 Bxf3 15. Bxf3 exd4 16. cxd4 Bxd4 17. Nf5 Bf6 18. Nxd6+ Kf8 19. Rd1 Nc5 20. Rb1 g6 21. Bg2 Ne7 22. f4 Nc8 23. Be3 Ne6 24. e5 Be7 25. f5 gxf5 26. Bh6+ Kg8 27. Nxf5 Bc5+ 28. Kh1 Ne7 29. Rf1 Nxf5 30. Rxf5 Bf8 31. Be3 Re8 32. Rbf1 Re7 33. R5f3 h6 34. h4 Bg7 35. Rf5 Nf8 36. Bd2 Nd7 37. Bb4 c5 38. Bd2 Nxe5 39. Bf4 f6 40. h5 Rd7 41. Be4 Rd4 42. Bxb7 Kh7 43. Be3 Ra4 44. b3 Rg4 45. Bf4 Rb8 46. Bg2 c4 47. bxc4 bxc4 48. Be4 Kh8 49. Bf3 Rg5 50. Bxg5 fxg5 51. Be4 c3 52. Rc1 Rb4 53. Bd5 Nd3 54. Rc2 Rb1+ 55. Kh2 Re1 56. a3 Re3 57. Bb3 g4 58. a4 Ne5 59. Rcf2 Nf3+ 60. Kg2 Nd4 61. Rf8+ Bxf8 62. Rxf8+ Kg7 63. Rf7+ Kh8 64. Rf8+ Kg7 1/2-1/2

[Event "YUG-chT"]
[Site "Niksic"]
[Date "1997.??.??"]
[Round "5"]
[White "Marcetic, Nikola"]
[Black "Guzijan, Miodrag"]
[Result "1/2-1/2"]
[WhiteElo "2330"]
[BlackElo "2325"]
[PlyCount "107"]
[EventDate "1997.08.27"]
[EventType "team-tourn"]
[EventRounds "11"]
[EventCountry "YUG"]
[SourceTitle "CBM 059 Extra"]
[Source "ChessBase"]
[SourceDate "1997.09.26"]
[SourceVersion "1"]
[SourceVersionDate "1997.09.26"]
[SourceQuality "1"]

1. d4 d6 2. c4 e5 3. dxe5 dxe5 4. Qxd8+ Kxd8 5. Nc3 Be6 6. e4 Bb4 7. Bd2 Nd7 8. 0-0-0 f6 9. g3 Ne7 10. Bh3 Bxh3 11. Nxh3 c6 12. a3 Ba5 13. f4 Ke8 14. Na4 Bc7 15. Bb4 Rd8 16. b3 Nc8 17. Kc2 a5 18. Bc3 b6 19. Rhe1 Ke7 20. b4 axb4 21. Bxb4+ Bd6 22. Nf2 Bxb4 23. axb4 Nd6 24. Nb2 Ra8 25. Rd2 Rhd8 26. Red1 Nf7 27. Kb3 exf4 28. gxf4 Nf8 29. Na4 Rab8 30. Rxd8 Nxd8 31. Nc3 Nde6 32. f5 Nc7 33. Nd3 Nd7 34. Nf4 Ne5 35. b5 cxb5 36. cxb5 g6 37. Nfd5+ Nxd5 38. Nxd5+ Kf7 39. fxg6+ hxg6 40. Rf1 Nd7 41. Nxf6 Nc5+ 42. Kb4 Ke6 43. Nh7 Ke5 44. Rf6 Rb7 45. Rxb6 Nd3+ 46. Ka5 Rxh7 47. Rxg6 Rxh2 48. Ka6 Ra2+ 49. Kb7 Nc5+ 50. Kc7 Ne6+ 51. Rxe6+ Kxe6 52. b6 Rc2+ 53. Kd8 Rd2+ 54. Kc7 1/2-1/2

[Event "YUG-chT"]
[Site "Vrnjacka Banja"]
[Date "1996.??.??"]
[Round "?"]
[White "Guzijan, Miodrag"]
[Black "Parezanin, Darko"]
[Result "1/2-1/2"]
[WhiteElo "2370"]
[BlackElo "2275"]
[PlyCount "135"]
[EventDate "1996.??.??"]
[EventType "team-tourn"]
[EventRounds "11"]
[EventCountry "YUG"]
[SourceTitle "EXT 2000"]
[Source "ChessBase"]
[SourceDate "1999.11.16"]
[SourceVersion "1"]
[SourceVersionDate "1999.11.16"]
[SourceQuality "1"]

1. e4 c5 2. c3 d6 3. d4 Nf6 4. Bd3 Nc6 5. Nf3 cxd4 6. cxd4 g6 7. Nc3 Bg7 8. h3 0-0 9. 0-0 e5 10. dxe5 dxe5 11. Be3 Be6 12. Bb5 Qc7 13. Qa4 Bd7 14. Qb3 a6 15. Bd3 Be6 16. Bb6 Qc8 17. Qd1 Nd7 18. Be3 h6 19. Nd2 Rd8 20. Bc4 Nf6 21. Bxe6 Qxe6 22. Qb3 Qxb3 23. Nxb3 Nd4 24. Rfd1 Nxb3 25. axb3 Bf8 26. f3 Rac8 27. Kf2 Kg7 28. g4 Bb4 29. Rxd8 Rxd8 30. Ke2 Rc8 31. Kd3 g5 32. Rh1 Bc5 33. Bd2 Bf2 34. Nd1 Rd8+ 35. Ke2 Bd4 36. h4 Nh7 37. Ne3 Bxe3 38. Bxe3 Rc8 39. Kd3 f6 40. hxg5 Nxg5 41. Bxg5 fxg5 42. Ra1 Kf6 43. Rh1 Kg6 44. Ra1 Rf8 45. Ke3 Rf6 46. Rc1 Rb6 47. Rc3 h5 48. gxh5+ Kxh5 49. Rd3 Kh4 50. Kf2 g4 51. fxg4 Kxg4 52. Ke3 Rh6 53. Rd7 Rh3+ 54. Kd2 Rxb3 55. Kc2 Rb4 56. Kc3 Rb5 57. Rf7 a5 58. Rf5 a4 59. Kc2 Rc5+ 60. Kd3 Rd5+ 61. Kc3 b5 62. exd5 Kxf5 63. Kb4 e4 64. Kc5 e3 65. d6 e2 66. d7 e1Q 67. d8Q Qe5+ 68. Qd5 1/2-1/2

[Event "YUG-chT"]
[Site "Niksic"]
[Date "1996.??.??"]
[Round "?"]
[White "Guzijan, Miodrag"]
[Black "Petronic, Jovan"]
[Result "0-1"]
[WhiteElo "2370"]
[BlackElo "2440"]
[PlyCount "102"]
[EventDate "1996.??.??"]
[EventType "team-tourn"]
[EventRounds "12"]
[EventCountry "YUG"]
[SourceTitle "EXT 2000"]
[Source "ChessBase"]
[SourceDate "1999.11.16"]
[SourceVersion "1"]
[SourceVersionDate "1999.11.16"]
[SourceQuality "1"]

1. e4 d5 2. exd5 Nf6 3. d4 Nxd5 4. c4 Nb6 5. h3 e5 6. Nf3 exd4 7. Qxd4 Bb4+ 8. Bd2 Qe7+ 9. Qe5 Nc6 10. Qxe7+ Bxe7 11. Nc3 Be6 12. b3 0-0-0 13. Be2 Rhe8 14. Rd1 Bf6 15. Rc1 Nd4 16. Nxd4 Bxd4 17. Nd1 Nd7 18. Be3 Nc5 19. Rc2 Rd7 20. Bxd4 Rxd4 21. 0-0 Bf5 22. Rb2 Nd3 23. Rc2 Nf4 24. Bg4 Bxg4 25. hxg4 Ne2+ 26. Kh2 Rxg4 27. g3 Nd4 28. Rb2 Rge4 29. Nc3 R4e5 30. Kg2 Ne2 31. Nd5 c6 32. Ne3 Nd4 33. Rd1 Nf5 34. Ng4 Re2 35. Rdd2 Re1 36. Nh2 h6 37. Nf3 R1e4 38. Kh3 Kc7 39. g4 Ne7 40. Nh4 g5 41. Ng2 f5 42. gxf5 g4+ 43. Kh2 Nxf5 44. Rd3 h5 45. Rbd2 R8e7 46. f3 Re2 47. fxg4 hxg4 48. c5 a5 49. a3 Nh4 50. Rxe2 Rxe2 51. Rg3 Nxg2 0-1

[Event "YUG-chT"]
[Site "Vrnjacka Banja"]
[Date "1996.??.??"]
[Round "?"]
[White "Jovicevic, Bozidar"]
[Black "Guzijan, Miodrag"]
[Result "1-0"]
[WhiteElo "2275"]
[BlackElo "2370"]
[PlyCount "97"]
[EventDate "1996.??.??"]
[EventType "team-tourn"]
[EventRounds "11"]
[EventCountry "YUG"]
[SourceTitle "EXT 2000"]
[Source "ChessBase"]
[SourceDate "1999.11.16"]
[SourceVersion "1"]
[SourceVersionDate "1999.11.16"]
[SourceQuality "1"]

1. d4 d6 2. Nf3 Bg4 3. e4 Nf6 4. Nc3 e6 5. h3 Bh5 6. g4 Bg6 7. Qe2 c6 8. h4 h5 9. g5 Nfd7 10. Bh3 Be7 11. Be3 d5 12. Nd2 Qa5 13. 0-0 dxe4 14. Ncxe4 Na6 15. a3 Qc7 16. c4 Nb6 17. b4 Bf5 18. Bg2 Rd8 19. Rac1 Kf8 20. Ng3 Qd7 21. Nxf5 exf5 22. Nb3 Re8 23. Qf3 Nc7 24. Nc5 Qc8 25. Rfd1 Rd8 26. a4 g6 27. a5 Nd7 28. a6 Nxc5 29. dxc5 Nxa6 30. Rxd8+ Qxd8 31. Rd1 Qc8 32. Bd4 Rg8 33. Qc3 Nc7 34. Bf6 Ne8 35. Bxe7+ Kxe7 36. b5 f6 37. bxc6 bxc6 38. Re1+ Kf7 39. Qe3 Rf8 40. Qe7+ Kg8 41. Re6 Qc7 42. Qxc7 Nxc7 43. Rxc6 Ne8 44. Bd5+ Kg7 45. Ra6 fxg5 46. hxg5 Kh8 47. Rxa7 Ng7 48. c6 Rc8 49. Re7 1-0

[Event "Budapest Spring op 07th"]
[Site "Budapest"]
[Date "1991.??.??"]
[Round "4"]
[White "Baburin, Alexander"]
[Black "Guzijan, Miodrag"]
[Result "1-0"]
[WhiteElo "2470"]
[BlackElo "2300"]
[PlyCount "91"]
[EventDate "1991.03.??"]
[EventType "swiss"]
[EventRounds "9"]
[EventCountry "HUN"]
[SourceTitle "TD"]
[Source "ChessBase"]
[SourceDate "1994.03.01"]
[SourceVersion "1"]
[SourceVersionDate "1994.03.01"]
[SourceQuality "1"]

1. d4 d5 2. c4 c6 3. e3 Nf6 4. Bd3 e5 5. dxe5 dxc4 6. Be2 Qxd1+ 7. Bxd1 Ng4 8. f4 Bc5 9. Ke2 Bf5 10. Nc3 Bd3+ 11. Kf3 h5 12. Nge2 f5 13. h3 g6 14. Re1 Nh6 15. Bd2 Na6 16. Nc1 0-0-0 17. Nxd3 Rxd3 18. Re2 Bb4 19. Be1 Nc5 20. Na4 Nxa4 21. Bxb4 Nb6 22. Rc2 g5 23. Be2 gxf4 24. Bxd3 cxd3 25. Rd2 fxe3 26. Rxd3 Nd5 27. Rxd5 cxd5 28. Rd1 Nf7 29. Rxd5 Re8 30. Bc3 Rg8 31. Kxe3 Nd8 32. Kf4 Rxg2 33. Kxf5 Rh2 34. Rd3 Rf2+ 35. Kg6 Ne6 36. Rd6 Nf4+ 37. Kg5 Nxh3+ 38. Kxh5 Nf4+ 39. Kg4 Ne2 40. e6 Rf4+ 41. Kg5 Re4 42. Kf5 Nxc3 43. bxc3 Re3 44. Rd5 Kc7 45. Re5 Rf3+ 46. Ke4 1-0

[Event "Escom IM-A"]
[Site "Budapest"]
[Date "1991.??.??"]
[Round "3"]
[White "Petronic, Jovan"]
[Black "Guzijan, Miodrag"]
[Result "1-0"]
[WhiteElo "2355"]
[BlackElo "2300"]
[PlyCount "175"]
[EventDate "1991.??.??"]
[EventType "tourn"]
[EventRounds "11"]
[EventCountry "HUN"]
[EventCategory "4"]
[SourceTitle "EXT 1997"]
[Source "ChessBase"]
[SourceDate "1996.11.15"]
[SourceVersion "1"]
[SourceVersionDate "1996.11.15"]
[SourceQuality "1"]

1. d4 d5 2. c4 c6 3. Nc3 Nf6 4. e3 e6 5. a3 Bd6 6. Nf3 Nbd7 7. Bd3 e5 8. cxd5 cxd5 9. dxe5 Nxe5 10. Be2 0-0 11. 0-0 Be6 12. Nb5 Bb8 13. b3 Ne4 14. Bb2 Nc6 15. Rc1 a6 16. Nbd4 Nxd4 17. Qxd4 f6 18. Rfd1 Qe7 19. Qb6 Ba7 20. Rc7 Bxb6 21. Rxe7 Nc5 22. Bd4 Rfe8 23. Rxe8+ Rxe8 24. b4 Na4 25. Bxb6 Nxb6 26. Nd4 Bd7 27. Rc1 Rc8 28. Rxc8+ Bxc8 29. Kf1 Kf8 30. Ke1 Ke7 31. Kd2 Bd7 32. Bd3 g6 33. Kc3 Na4+ 34. Kb3 Nb6 35. Kc3 Na4+ 36. Kb3 Nb6 37. h4 Kd6 38. Kc3 Na4+ 39. Kb3 Nb6 40. Kc3 Na4+ 41. Kb3 Nb6 42. h5 Be8 43. Kc3 Na4+ 44. Kd2 Nb6 45. hxg6 hxg6 46. Nb3 g5 47. Kc3 Na8 48. Nd4 Bd7 49. g3 Nc7 50. Be2 Ne8 51. Bh5 Ng7 52. Bd1 Be8 53. Bc2 Bd7 54. Bd3 Bc8 55. Nb3 Ne8 56. Bg6 Ng7 57. Bc2 Bd7 58. Nd4 Bc8 59. Ba4 Ke5 60. Bc2 Bd7 61. a4 g4 62. a5 Ne8 63. Bg6 Nd6 64. Bd3 Bb5 65. Bc2 Bd7 66. f4+ gxf3 67. Nxf3+ Ke6 68. Kd4 Nb5+ 69. Kc5 Nc3 70. Nd4+ Ke5 71. Nf3+ Ke6 72. Nd4+ Ke5 73. Kb6 Na2 74. b5 Nb4 75. Kxb7 Bxb5 76. Nxb5 Nxc2 77. Kxa6 Nb4+ 78. Kb6 Ke4 79. Kc5 Na6+ 80. Kb6 Nb4 81. Nc3+ Kd3 82. Na2 Nxa2 83. a6 Kxe3 84. a7 d4 85. a8Q Nc3 86. Qa3 f5 87. Qc1+ Ke2 88. Kc5 1-0

[Event "Budapest Spring op 06th"]
[Site "Budapest"]
[Date "1990.??.??"]
[Round "2"]
[White "Guzijan, Miodrag"]
[Black "Veingold, Aleksandr"]
[Result "0-1"]
[WhiteElo "2280"]
[BlackElo "2435"]
[PlyCount "94"]
[EventDate "1990.03.??"]
[EventType "swiss"]
[EventRounds "9"]
[EventCountry "HUN"]
[SourceTitle "CBM 017 Extra"]
[Source "ChessBase"]
[SourceDate "1990.09.01"]
[SourceVersion "1"]
[SourceVersionDate "1990.09.01"]
[SourceQuality "1"]

1. e4 c5 2. c3 d5 3. exd5 Qxd5 4. d4 Nf6 5. Nf3 e6 6. Na3 Nc6 7. Nb5 Qd8 8. dxc5 Bxc5 9. Qxd8+ Kxd8 10. Bf4 Nd5 11. Rd1 Ke7 12. Bg3 a6 13. Nbd4 Nxd4 14. Nxd4 Rd8 15. Be2 Nf6 16. Nb3 Rxd1+ 17. Bxd1 Bd6 18. Bxd6+ Kxd6 19. Na5 Kc7 20. Bf3 e5 21. 0-0 e4 22. Be2 Be6 23. Nb3 Bxb3 24. axb3 Rd8 25. Rd1 Rxd1+ 26. Bxd1 a5 27. f3 Kd6 28. Kf2 Ke5 29. Be2 b6 30. Bb5 exf3 31. Kxf3 Ne4 32. Ke3 f5 33. Be2 Nc5 34. Bd1 g5 35. Bc2 h5 36. Bd1 f4+ 37. Ke2 g4 38. Bc2 h4 39. Kf2 Ne4+ 40. Ke2 Nc5 41. Kf2 Ne4+ 42. Ke2 Ng5 43. Kf2 g3+ 44. hxg3 hxg3+ 45. Ke2 f3+ 46. gxf3 g2 47. Kf2 Nxf3 0-1